Biologie des sols (Record no. 11542)

MARC details
000 -LEADER
fixed length control field 00483 a2200217 4500
035 ## - SYSTEM CONTROL NUMBER
System control number 1948
100 ## - VEDETTE PRINCIPALE - NOM DE PERSONNE
Personal name UNESCO
130 ## - VEDETTE PRINCIPALE - TITRE UNIFORME
Language of a work Fr.
260 ## - PUBLICATION, DISTRIBUTION, ETC. (IMPRINT)
Place of publication, distribution, etc Paris
260 ## - PUBLICATION, DISTRIBUTION, ETC. (IMPRINT)
Name of publisher, distributor, etc UNESCO
245 ## - TITLE STATEMENT
Title Biologie des sols
260 ## - PUBLICATION, DISTRIBUTION, ETC. (IMPRINT)
Date of publication, distribution, etc 1969
300 ## - PHYSICAL DESCRIPTION
Extent 248 p.
300 ## - PHYSICAL DESCRIPTION
Other physical details ill. ; 28 cm
440 ## - SERIES STATEMENT/ADDED ENTRY--TITLE
Title (Recherches sur les ressources naturelles ; 9)
500 ## - GENERAL NOTE
General note Bibliographie à la fin des chapitres
650 ## - SUBJECT ADDED ENTRY--TOPICAL TERM
Topical term or geographic name as entry element <Sols>
Holdings
Withdrawn status Lost status Damaged status Not for loan Location (home branch) Sublocation or collection (holding branch) Date acquired Source of acquisition Koha issues (times borrowed) Koha full call number Piece designation (barcode) Koha date last seen Copy number Koha item type
        Bibliothèque Ecole Polytechnique d'Abomey-Calavi Bibliothèque Ecole Polytechnique d'Abomey-Calavi 27/02/2009 EPAC   631.46/U56b 20920EPAC 27/02/2009 1 Livre


© 2008, Bibliothèques de l'Université d'Abomey-Calavi

04 BP 789 Cotonou, Tél. : +229 21 36 01 01, Fax : +229 21 35 06 32

Courriel : bu@bu.uac.bj